000 00662nam a2200217 4500
003 OSt
005 20240731074111.0
006 a
008 240731b |||||||| |||| 00| 0 eng d
020 _a9780763738877
040 _aDWCL-Main lib.
_cOC
082 _aCirc. 618.2 Ar681q 2007
100 _aArenson, Janet
245 _aQuick look nursing : maternal and newborn health /
260 _aSudbury, Mass. :
_bJones and Bartlett Pub. ,
_cc2007.
300 _avii,
_b477 p. : ill. ;
_c23 cm.
490 _3Quick look nursing
504 _aIncludes bibliographical references & index.
650 _a1. Maternity nursing.
942 _2ddc
_n0
_cBK-CIRC
_kCirc.
999 _c3050
_d3050